| 000 | 00406nam a22001457a 4500 | ||
|---|---|---|---|
| 005 | 20231109145952.0 | ||
| 008 | 231109b |||||||| |||| 00| 0 eng d | ||
| 041 | _aEnglish | ||
| 082 | _a346.1 WOR | ||
| 245 | _aThe 4th World Congress on Family and Children's Rights | ||
| 260 | _c2005 | ||
| 300 |
_b20 pages ; _c31 cm. |
||
| 650 |
_aLegal practice _bLaw |
||
| 942 |
_cBK _6ALISON_BN_VRIES |
||
| 999 |
_c498 _d498 |
||